Catálogo
 En Linea

20.000 lenguas de viaje submarino / (Registro nro. 43748)

Detalles MARC
000 -CABECERA
campo de control de longitud fija 00801nam a2200241 a 4500
001 - NÚMERO DE CONTROL
campo de control 000044259
005 - FECHA Y HORA DE LA ÚLTIMA TRANSACCIÓN
campo de control 20240226141826.0
008 - DATOS DE LONGITUD FIJA--INFORMACIÓN GENERAL
campo de control de longitud fija 110921s2007 dr a 000 0 spa d
020 ## - NÚMERO INTERNACIONAL ESTÁNDAR DEL LIBRO
Número Internacional Estándar del Libro 9789945406627
040 ## - FUENTE DE LA CATALOGACIÓN
Centro catalogador/agencia de origen DO-SdBNP
Lengua de catalogación spa
Centro/agencia transcriptor BNPHU
082 ## - NÚMERO DE LA CLASIFICACIÓN DECIMAL DEWEY
Número de clasificación 843. 8
Número de documento/Ítem V531V
100 1# - ENTRADA PRINCIPAL--NOMBRE DE PERSONA
Nombre de persona Verne, Julio,
Fechas asociadas al nombre 1828-1905
9 (RLIN) 1073
245 10 - MENCIÓN DE TÍTULO
Título 20.000 lenguas de viaje submarino /
Mención de responsabilidad, etc. Julio Verne ; ilustraciones José Lovera.
246 13 - FORMA VARIANTE DE TÍTULO
Título propio/Titulo breve Veinte mil leguas de viaje submarino.
260 ## - PUBLICACIÓN, DISTRIBUCIÓN, ETC.
Lugar de publicación, distribución, etc. Santo Domingo :
Nombre del editor, distribuidor, etc. Alfa y Omega,
Fecha de publicación, distribución, etc. 2007.
300 ## - DESCRIPCIÓN FÍSICA
Extensión 163 p. ;
Dimensiones 21cm.
490 1# - MENCIÓN DE SERIE
Mención de serie Clásicos universales
500 ## - NOTA GENERAL
Nota general Incluye notas al pie de las páginas
650 #4 - PUNTO DE ACCESO ADICIONAL DE MATERIA--TÉRMINO DE MATERIA
Término de materia o nombre geográfico como elemento de entrada Novela francesa
9 (RLIN) 1075
650 #4 - PUNTO DE ACCESO ADICIONAL DE MATERIA--TÉRMINO DE MATERIA
Término de materia o nombre geográfico como elemento de entrada Exploracines submarinas
Subdivisión general Novela
9 (RLIN) 72264
700 12 - PUNTO DE ACCESO ADICIONAL--NOMBRE DE PERSONA
Nombre de persona Lovera, José
9 (RLIN) 1072
830 #0 - PUNTO DE ACCESO ADICIONAL DE SERIE-TÍTULO UNIFORME
Título uniforme Clásicos universales
9 (RLIN) 266
Existencias
Estado de retiro Estado de pérdida No para préstamo Código de colección Localización permanente Ubicación/localización actual Ubicación en estantería Fecha de adquisición Número de inventario Total de préstamos Signatura topográfica completa Código de barras Fecha visto por última vez Precio válido a partir de Tipo de ítem Koha
    Excluido de préstamo Patrimonio Dominicano Patrimonio Dominicano Patrimonio Dominicano En catalogación 11.06.2014 LF1   843. 8 V531V 44259-10 25.06.2020 25.06.2020 Libro y Folleto Colección Patrimonio Dominicano

Con tecnología Koha